Εισαγωγή στην οικονομική και διοικητική των επιχειρήσεων

Αποθηκεύτηκε σε:
Λεπτομέρειες βιβλιογραφικής εγγραφής
Κύριος συγγραφέας: Παπαδόπουλος, Δημήτριος Λ.
Μορφή: Βιβλίο
Γλώσσα:Greek
Δημοσίευση: Θεσσαλονίκη : Παρατηρητής, 1986
Έκδοση:2η έκδ.
Θέματα:
Ετικέτες: Προσθήκη ετικέτας
Δεν υπάρχουν, Καταχωρήστε ετικέτα πρώτοι!

MARC

LEADER 00000nam a2200000 i 4500
001 1/63313
008 960606s1986 gre d
035 |l 10029233 
040 |a GR-MY-UA  |b gre  |e aacr 
041 0 |a gre 
082 0 |a 658.15 
100 1 |a Παπαδόπουλος, Δημήτριος Λ. 
245 1 0 |a Εισαγωγή στην οικονομική και διοικητική των επιχειρήσεων /  |c Δημήτρης Λ.Παπαδόπουλος 
250 |a 2η έκδ. 
260 |a Θεσσαλονίκη :   |b Παρατηρητής,   |c 1986 
300 |a 552 σ. 
504 |a Περιλαμβάνει βιβλιογραφία 
650 0 0 |a Financial management. 
852 |a INST  |b CHIOS  |e 19960606  |h 658.15 ΠΑΠ  |p 005200002617  |q 005200002617  |t BK  |y 0  |z τ.1 
852 |a INST  |b CHIOS  |e 19960606  |h 658.15 ΠΑΠ  |p 005200002617  |q 005200002617  |t BK  |v τ.1:  |y 0  |z τ.1 
853 |a INST  |b CHIOS  |h 658.15 ΠΑΠ 
909 |a Χ  |b 016077 
922 |a 2ΕΛΗ  |b 199001  |c ΡΟΜΠΟΛΗΣ  |d LEADER BOOKS